000 00717nam a2200217 i 4500
001 40556
003 ES-MaACL
005 20230906160245.0
007 t|
008 030306s1928 sp ||||1| spa d
100 1 _aCarre, Juan María.
_935597
245 1 0 _aGoethe /
_cJuan María Carre ; traducción de Francisco Almela y Vives.
260 _aMadrid :
_b[s.n.],
_c1928 (
_fImp. Juan Pueyo)
300 _a291 p. ;
_c20 cm.
490 1 _aLa novela de los grandes hombres
600 1 4 _aGoethe, Johann Wolfgang von,
_d1749-1832
_957568
700 1 _aAlmela i Vives, Francesc.
_920131
830 0 _aLa novela de los grandes hombres
_9181867
852 _aES-MaACL
_jA-4678
_bR.16592
999 _c40556
_d40556